000 00698cam a22002414a 4500
001 12464979
005 20171221091252.0
008 010710s2002 njua b 001 0 eng
010 _a 2001046152
020 _a0130894559 (pbk.)
040 _aDLC
_cDLC
_dDLC
041 _aeng
042 _apcc
080 _a305.235 ARN
082 0 0 _a305.235 ARN
_221
100 1 _a50
101 _aSOC
245 1 0 _aReadings on adolescence and emerging adulthood /
_cJeffrey Jensen Arnett.
504 _aIncludes bibliographical references and index.
906 _a7
_bcbc
_corignew
_d1
_eocip
_f20
_gy-gencatlg
942 _2ddc
_cBK
999 _c39294
_d39294